000 00285nam a2200121Ia 4500
008 190216s9999||||xx |||||||||||||| ||und||
100 _aR.S.Aata
245 0 _aHindi-Lokaprakashan Digdarshan
260 _bPremkacity Publishers
_c2010
300 _a590
650 _aHindi
942 _cBK
999 _c16876
_d16876